History and philosophy of education in Zambia / (Record no. 1286)
[ view plain ]
| 000 -LEADER | |
|---|---|
| fixed length control field | 00960nam a22002897a 4500 |
| 005 - DATE AND TIME OF LATEST TRANSACTION | |
| control field | 20240612062135.0 |
| 008 - FIXED-LENGTH DATA ELEMENTS--GENERAL INFORMATION | |
| fixed length control field | 240612b |||||||| |||| 00| 0 eng d |
| 010 ## - LIBRARY OF CONGRESS CONTROL NUMBER | |
| LC control number | 2023305594 |
| 020 ## - INTERNATIONAL STANDARD BOOK NUMBER | |
| Canceled/invalid ISBN | 9789982499323 |
| 040 ## - CATALOGING SOURCE | |
| Original cataloging agency | DLC |
| Transcribing agency | KMU |
| Language of cataloging | eng |
| Description conventions | rda |
| Modifying agency | KMU |
| 042 ## - AUTHENTICATION CODE | |
| Authentication code | lcode |
| -- | pcc |
| 043 ## - GEOGRAPHIC AREA CODE | |
| Geographic area code | f-za--- |
| 050 00 - LIBRARY OF CONGRESS CALL NUMBER | |
| Classification number | LA 1596 |
| Item number | .K37 |
| 100 1# - MAIN ENTRY--PERSONAL NAME | |
| Personal name | Kapasa, Jeff, |
| Relator term | author. |
| 245 10 - TITLE STATEMENT | |
| Title | History and philosophy of education in Zambia / |
| Statement of responsibility, etc. | Jeff Kapasa. |
| 264 #1 - PRODUCTION, PUBLICATION, DISTRIBUTION, MANUFACTURE, AND COPYRIGHT NOTICE | |
| Place of production, publication, distribution, manufacture | Lusaka, Zambia : |
| Name of producer, publisher, distributor, manufacturer | DNK Brand and Publishers, |
| Date of production, publication, distribution, manufacture, or copyright notice | 2023. |
| 300 ## - PHYSICAL DESCRIPTION | |
| Extent | xiv, 111pages ; |
| Dimensions | 21 cm |
| 336 ## - CONTENT TYPE | |
| Content type term | text |
| Content type code | txt |
| Source | rdacontent |
| 337 ## - MEDIA TYPE | |
| Media type term | unmediated |
| Media type code | n |
| Source | rdamedia |
| 338 ## - CARRIER TYPE | |
| Carrier type term | volume |
| Carrier type code | nc |
| Source | rdacarrier |
| 504 ## - BIBLIOGRAPHY, ETC. NOTE | |
| Bibliography, etc. note | Includes bibliographical references (pages 109-111). |
| 650 #0 - SUBJECT ADDED ENTRY--TOPICAL TERM | |
| Topical term or geographic name entry element | Education |
| Geographic subdivision | Zambia |
| General subdivision | History. |
| 650 #0 - SUBJECT ADDED ENTRY--TOPICAL TERM | |
| Topical term or geographic name entry element | Education |
| Geographic subdivision | Zambia |
| General subdivision | Philosophy. |
| 906 ## - LOCAL DATA ELEMENT F, LDF (RLIN) | |
| a | 7 |
| b | cbc |
| c | origode |
| d | 3 |
| e | ncip |
| f | 20 |
| g | y-gencatlg |
| 942 ## - ADDED ENTRY ELEMENTS (KOHA) | |
| Source of classification or shelving scheme | Library of Congress Classification |
| Koha item type | Non-Fiction |
| Suppress in OPAC | No |
| Withdrawn status | Lost status | Source of classification or shelving scheme | Damaged status | Not for loan | Collection | Home library | Current library | Shelving location | Date acquired | Source of acquisition | Total Checkouts | Full call number | Barcode | Date last seen | Date last checked out | Price effective from | Koha item type |
|---|---|---|---|---|---|---|---|---|---|---|---|---|---|---|---|---|---|
| Library of Congress Classification | Non-fiction | Kapasa Makasa University | Kapasa Makasa University | Special Collection | 12.06.2024 | CBU | 1 | LA 1596.K37 Kap | 300709 | 31.10.2024 | 20.08.2024 | 12.06.2024 | Non-Fiction |